000 00992nam a2200265 i 4500
001 114739
003 ES-MaACL
005 20230906190235.0
007 t|
008 070322s1890 sp ||||1| spa d
080 _a262.14(599)
080 _a94(599)"15/18"
100 1 _aRetana, W. E.
_9143306
245 1 0 _aFrailes y clérigos /
_cpor Wenceslao E. Retana ("Desengaños").
260 _aMadrid :
_bLibrería de Fernando Fé ;
_aManila :
_bLibrería de Amigos del País,
_c1890.
300 _aXXII, 131 p. ;
_c19 cm.
490 1 _aFolletos filipinos ;
_v1
530 _aDisponible también en sitio web.
650 4 _aÓrdenes y congregaciones religiosas-
_zFilipinas.
_915749
651 4 _aFilipinas-
_xHistoria-
_y1521-1812.
_98659
830 0 _aFolletos filipinos ;
_v1
_9188430
852 _aES-MaACL
_jD-3497
856 _uhttp://bibliotecadigitalhispanica.bne.es:80/webclient/DeliveryManager?pid=1884224&custom_att_2=simple_viewer
_zIr a la página
999 _c114739
_d114739